| 000 | 00696nam a2200181Ia 4500 | ||
|---|---|---|---|
| 008 | 100920s9999 xx 000 0 und d | ||
| 082 |
_b71014 _a375 थ 98 |
||
| 100 | _aखाडीलकर उषा. | ||
| 245 | _aसरावासाठी इंग्रजी संभाषणकला. | ||
| 260 |
_bमनोरमा प्रकाशन, मुंबई 14. _c1998 |
||
| 300 |
_a112 _bसाधी |
||
| 365 | _b30 | ||
| 520 | _aशालो. | ||
| 630 | _aसरावासाठी इंग्रजी संभाषणकला. | ||
| 650 | _aशालो. | ||
| 730 | _aसरावासाठी इंग्रजी संभाषणकला. | ||
| 942 | _cBOOK | ||
| 999 |
_c712966 _d712963 |
||